Blood / (Record no. 7462)

MARC details
000 -LEADER
fixed length control field 00809nam a22002657a 4500
001 - CONTROL NUMBER
control field 7462
003 - CONTROL NUMBER IDENTIFIER
control field FISKH
005 - DATE AND TIME OF LATEST TRANSACTION
control field 20250717143725.0
008 - FIXED-LENGTH DATA ELEMENTS--GENERAL INFORMATION
fixed length control field 250717b cb ||||| |||| 00| 0 eng d
020 ## - INTERNATIONAL STANDARD BOOK NUMBER
International Standard Book Number 0437899217
040 ## - CATALOGING SOURCE
Original cataloging agency FISKH
Language of cataloging eng
Transcribing agency FISKH
Modifying agency FISKH
050 ## - LIBRARY OF CONGRESS CALL NUMBER
Classification number QP91 .Z53
082 ## - DEWEY DECIMAL CLASSIFICATION NUMBER
Classification number 612
100 ## - MAIN ENTRY--PERSONAL NAME
Personal name Zim, Herbert S.
245 ## - TITLE STATEMENT
Title Blood /
Statement of responsibility, etc. By Herbert S.Zim : illustrated by Rene Martin
250 ## - EDITION STATEMENT
Edition statement First published in Great Britain in 1969
260 ## - PUBLICATION, DISTRIBUTION, ETC.
Place of publication, distribution, etc. New York :
Name of publisher, distributor, etc. A World's work Children's Book ,
Date of publication, distribution, etc. 1968.
300 ## - PHYSICAL DESCRIPTION
Extent 63 pages :
Other physical details illustrations ;
Dimensions 22 cm .
520 ## - SUMMARY, ETC.
Summary, etc. Discusses The Blood & The Circulatory System.
650 ## - SUBJECT ADDED ENTRY--TOPICAL TERM
Topical term or geographic name entry element Human body
Form subdivision Non-fiction
650 ## - SUBJECT ADDED ENTRY--TOPICAL TERM
Topical term or geographic name entry element Human physiology
Form subdivision Non-fiction
700 ## - ADDED ENTRY--PERSONAL NAME
Personal name Martin, Rene
Relator term Illustrator
942 ## - ADDED ENTRY ELEMENTS (KOHA)
Source of classification or shelving scheme Dewey Decimal Classification
Koha item type Books
Suppress in OPAC No
Holdings
Withdrawn status Lost status Source of classification or shelving scheme Damaged status Not for loan Collection Home library Current library Shelving location Date acquired Total Checkouts Full call number Barcode Date last seen Price effective from Koha item type
    Dewey Decimal Classification     Non-Fiction Footprints International School Library Network Toul Tom Poung Campus Footprints International School Library Network Toul Tom Poung Campus TTP Secondary Non-Fiction Bookshelves 07/17/2025   ZIM 612 QP91 .Z53 FIS00951 07/17/2025 07/17/2025 Books